LEADER 01471nam a2200349 u 4500 001 000000005365 003 CaOOAMICUS 005 20070226104744.0 008 940514s1968 it u000 u ita u 035 $a10140809 040 $aPPT$bita$dNIC$dCStRLIN$dPUL(R) 082 $a901 100 1 $aCastelli, Enrico,$cconte,$d1900-1977.$0(OLS)http://pul/name/669 245 12$aI presupposti di una teologia della storia /$cEnrico castelli. 246 38$aTeologia della storia 260 $aPadova :$bCEDAM,$c1968. 300 $a231 p. ;$c22 cm 490 1 $aStudi filosofici e religiosi ;$v1 504 $aBibliographical footnotes. 650 0$aHistory$xPhilosophy.$2//eng$0(OLS)http://pul/subject/4812 830 0$aStudi filosofici e religiosi ;$v1.$0(OLS)http://pul/title/7490 850 $aPUL 852 $aPUL$W1$xDP1 Fondo Giannini$y60$m1555 C 7$j7518$nBK-PRI$b $qFondi$B7518$CPULBib$Z2$F7518 $H $81 852 $aPUL$W1$xSL Religione 1$y3$m57 I 10$j7519$nBK-PRI$b $qStampati$B7519$CPULBib$Z2$F7519 $H $81 941 1 $a8 941 1 $a1 961 $aINV: Fondo Giannini 961 $aINV: 28753 996 $6082$a901$9(OLS)http://pul/classification/124 996 $6245$aI presupposti di una teologia della storia$9(OLS)http://pul/title/7847 996 $6246$aTeologia della storia$9(OLS)http://pul/title/7848 996 $6260$aPadova :$bCEDAM$9(OLS)http://pul/publisher/48126 LEADER 01096nam a2200265 u 4500 001 000000055254 003 CaOOAMICUS 005 20070226115750.0 008 010119s1967 it u000 u ita u 035 $a10865935 040 $aPUL(R)$bita 100 1 $aDi Giovanni, Alberto.$0(OLS)http://pul/name/1850 245 13$aLa filosofia dell'amore nelle opere di Dante /$cAlberto Di Giovanni. 260 $aRoma :$bEdizioni Abete,$c1967. 300 $a530 p. ;$c24 cm 490 1 $aGuide storiografiche ;$v3 504 $aBibliografia a pič pagina. 600 04$aDante Alighieri,$d1265-1321$xCritica e interpretazione.$0(OLS)http://pul/subject/2562 830 0$aGuide storiografiche ;$v3.$0(OLS)http://pul/title/13704 850 $aPUL 852 $aPUL$W1$xDP1 Fondo Giannini$y60$m1562 E 54$j72692$nBK-PRI$b $qFondi$B72692$CPULBib$Z2$F72692 $H $81 941 1 $a1 961 $aINV: Fondo Giannini 996 $6245$aLa filosofia dell'amore nelle opere di Dante$9(OLS)http://pul/title/74016 996 $6260$aRoma :$bEdizioni Abete$9(OLS)http://pul/publisher/50267